000
00331nam a2200145Ia 4500
001
36085
003
IN-NITTTR
005
20251114233437.0
008
251113s9999||||xx |||||||||||||| ||eng||
040
_b
eng
040
_c
IN-NITTTR
041
_a
eng
245
0
_a
Journal of Parallel and Distributed Computing /
942
_2
ddc
_c
CR
999
_c
35746
_d
35746